Stati per Inquinamento atmosferico - Europa - Statistics

Statistiche generali
  • Questo quiz è stato fatto 13 volte
  • Il punteggio medio è 7 su 10
Statistiche sulle risposte
Particolato atmosferico (PM2.5) (µg/m³) Nazione % Corretto
18,9 Italia
100%
17,2 Romania
91%
25,5 Croazia
82%
16,3 Polonia
82%
24,7 Serbia
82%
19,0 Grecia
73%
33,6 Bosnia ed Erzegovina
64%
22,6 Moldavia
64%
18,3 Bulgaria
55%
25,6 Macedonia del Nord
55%
Nessun quiz corrispondente trovato
Distribuzione punteggi
Percentuale di utenti per punteggio
Percentile per numero di risposta
I tuoi punteggi nel tempo
Non hai fatto questo quiz